000 00786nam a2200277Ia 4500
001 Z_232
003 CHAP
008 220113s1985 xx 000 0 und d
010 _a163206
040 _cCHAP
082 _a636.08 M38
100 _aMaton, Andre
_973032
245 _aHousing of animals: construction and equipment of animal house /
_cby Andre Maton, J. Dealmans and J. Lambrecht
260 _aAmsterdam :
_bElsevier,
_c1985
300 _a458 p. :
_bilus.
440 _aDevelopment in agricultural engineering; 6
_9137494
500 _a
503 _a150588
650 _aAnimales domésticos
_xAlojamiento I. Daelmans, J. II. Lambrecht, J. III. t.
_9137495
901 _a636.08 M38
902 _aA
910 _a1985
942 _c1
942 _cc1
999 _c163206
_d163206